Loading...
| Philosophy | 0 | 3 | 0 | 2 | 30 | 23 | 86.00 | 1 | 1 |
| Mythology | 0 | 3 | 0 | 1 | 30 | 83 | 123.67 | 1 | 2 |
| Fine Arts - Classical Music | 0 | 3 | 0 | 1 | 30 | 121 | 123.67 | 0 | 1 |
| Literature - European Literature | 0 | 2 | 0 | 0 | 20 | 135 | 140.50 | 0 | 1 |
| Fine Arts - Other Fine Arts | 0 | 2 | 0 | 2 | 20 | 130 | 142.50 | 0 | 1 |
| Fine Arts - Painting & Sculpture | 0 | 2 | 0 | 0 | 20 | 115 | 120.00 | 0 | 1 |
| Other | 0 | 2 | 0 | 0 | 20 | 57 | 78.50 | 0 | 1 |
| Literature - American Literature | 0 | 2 | 1 | 1 | 15 | 88 | 121.50 | 0 | 1 |
| History - Other History | 0 | 2 | 1 | 0 | 15 | 82 | 106.00 | 0 | 0 |
| Science - Other Science | 0 | 2 | 1 | 0 | 15 | 90 | 112.00 | 0 | 0 |
| Science - Biology | 0 | 1 | 0 | 0 | 10 | 85 | 85.00 | 0 | 1 |
| Science - Chemistry | 0 | 1 | 0 | 1 | 10 | 107 | 107.00 | 0 | 0 |
| History - World History | 0 | 1 | 1 | 0 | 5 | 117 | 117.00 | 0 | 0 |
| Literature - British Literature | 0 | 0 | 0 | 0 | 0 | 0.00 | 0 | 0 | |
| History - American History | 0 | 0 | 1 | 0 | -5 | 0.00 | 0 | 0 | |
| Social Science | 0 | 1 | 3 | 1 | -5 | 119 | 119.00 | 0 | 0 |
| Science - Physics | 0 | 1 | 3 | 1 | -5 | 110 | 110.00 | 0 | 1 |
| Religion | 0 | 1 | 4 | 0 | -10 | 115 | 115.00 | 1 | 1 |
| History - European History | 0 | 0 | 3 | 0 | -15 | 0.00 | 0 | 0 |